Mezi nikdy a navždy /
Žhavý milostný román o zakázané lásce. Kee vždy milovala Dexe - bratra své nejlepší kamarádky. Kvůli své image ale nemohli být spolu, a teď si navíc musí vzít jiného. Okolnosti však Kee a Dexe znovu svedou dohromady
Uloženo v:
| Série: | Hardy Billionaire Brothers,
část 3 |
|---|---|
| Hlavní autor: | |
| Další autoři: | |
| Médium: | E-kniha |
| Jazyk: | Czech |
| Vydáno: |
V Praze :
Baronet,
2026
|
| Vydání: | 1. vydání |
| Témata: | |
| Příbuzné jednotky: | Z cyklu::
Hardy Billionaire Brothers |
| Tagy: |
Žádné tagy |
| LEADER | 02699nam a2200481 i 4500 | ||
|---|---|---|---|
| 001 | 305193 | ||
| 003 | CZ PrSKC | ||
| 005 | 20260601063333.0 | ||
| 007 | ta | ||
| 008 | 260519s2026 xr e 000 f cze | ||
| 015 | |a cnb003758628 | ||
| 020 | |a 9788026929048 |q (brožováno) : |c Kč 449,00 | ||
| 040 | |a ABG001 |b cze |e rda | ||
| 041 | 1 | |a cze |h eng | |
| 072 | 7 | |a 821.111(73)-3 |x Americká próza |2 Konspekt | |
| 080 | |a 821.111(73)-31 |2 MRF | ||
| 080 | |a (0:82-312.5) |2 MRF | ||
| 080 | |a (0:82-993) |2 MRF | ||
| 100 | 1 | |a Rose, Shain |7 xx0340647 |4 aut | |
| 240 | 1 | 0 | |a Between never and forever. |l Česky |
| 245 | 1 | 0 | |a Mezi nikdy a navždy / |c Shain Rose ; z anglického originálu Between never and forever ... přeložila Zuzana Ľalíková |
| 250 | |a 1. vydání | ||
| 264 | 1 | |a V Praze : |b Baronet, |c 2026 | |
| 300 | |a 428 stran ; |c 20 cm | ||
| 336 | |a text |b txt |2 rdacontent | ||
| 337 | |a bez média |b n |2 rdamedia | ||
| 338 | |a svazek |b nc |2 rdacarrier | ||
| 520 | 2 | |a Žhavý milostný román o zakázané lásce. Kee vždy milovala Dexe - bratra své nejlepší kamarádky. Kvůli své image ale nemohli být spolu, a teď si navíc musí vzít jiného. Okolnosti však Kee a Dexe znovu svedou dohromady |b Dex Hardy byl vždy zakázaný - bratr mé nejlepší kamarádky a muž, kterého jsem milovala. Naše tajná letní romance skončila tragédií, když při autonehodě zachránil mě místo své sestry. Teď pracuji v jeho kasinu, abych zaplatila léčbu své matky, a musím přežít šest měsíců po jeho boku. Jenže Dex má vlastní plán: nabídne mi dohodu - šest měsíců manželství místo práce. A city, které měly zůstat pohřbené, znovu ožívají. Nakladatelská anotace. | |
| 655 | 7 | |a americké romány |7 fd131796 |2 czenas | |
| 655 | 7 | |a milostné romány |7 fd132840 |2 czenas | |
| 655 | 7 | |a erotické romány |7 fd132211 |2 czenas | |
| 655 | 9 | |a American fiction |2 eczenas | |
| 655 | 9 | |a love novels |2 eczenas | |
| 655 | 9 | |a erotic novels |2 eczenas | |
| 700 | 1 | |a Ľalíková, Zuzana, |d 1987- |7 xx0144546 |4 trl | |
| 710 | 2 | |a Baronet (nakladatelství) |7 xx0220126 |4 pbl | |
| 787 | 0 | 8 | |i Z cyklu: |t Hardy Billionaire Brothers |g 3 |
| 900 | |a ABG001 |b 19 | ||
| 928 | 9 | |a Albatros Media - Baronet | |
| 044 | |a xr | ||
| 910 | |a RBIT002 | ||
| 998 | |d 427507 |a https://core.palmknihy.cz/api/books/427507/cover?tfv9op |b https://core.palmknihy.cz/api/books/427507/cover/400?tfv9op |c https://core.palmknihy.cz/api/books/427507/cover/50?tfv9op |e 2029-11-18 |g 432 |i 9788026929048 |j https://core.palmknihy.cz/api/books/427507/preview.epub |k https://core.palmknihy.cz/api/books/427507/preview.pdf |l |q 49 |r 1 |s https://www.palmknihy.cz/kniha/427507 |t ebook |y 2026 |z 0 |v Hardy Billionaire Brothers |w 3 | ||
| 999 | |d 305191 | ||